Die Fragen der Opfer im Strafprozess: Bedürfnisse und Erwartungen im Kontext der strafverfahrensrechtlichen Bewältigung
| 1. VerfasserIn: | |
|---|---|
| Medienart: | Druck Buch |
| Sprache: | Deutsch |
| Veröffentlicht: |
Wiesbaden [Heidelberg]
Springer VS
[2023]
|
| In: | Jahr: 2023 |
| Online-Zugang: |
Inhaltstext (Verlag) Inhaltsverzeichnis Unbekannt (Verlag) |
| Verfügbarkeit prüfen: | HBZ Gateway |
| Buchbeschaffung: | Buchbestellung aufgeben |
| Subito Bestelldienst: | Jetzt bestellen. |
| Schlagwörter: |
MARC
| LEADER | 00000cam a2200000 c 4500 | ||
|---|---|---|---|
| 001 | 182827979X | ||
| 003 | DE-627 | ||
| 005 | 20251226205026.0 | ||
| 007 | tu | ||
| 008 | 221221s2023 gw ||||| m 00| ||ger c | ||
| 015 | |a 22,N51 |2 dnb | ||
| 016 | 7 | |a 1275516017 |2 DE-101 | |
| 020 | |a 9783658405298 |c : Festeinband : EUR 42.79 (DE), EUR 43.99 (AT), CHF 47.14 (freier Preis), EUR 39.99 |9 978-3-658-40529-8 | ||
| 024 | 3 | |a 9783658405298 | |
| 028 | 5 | 2 | |a 978-3-658-40529-8 |
| 028 | 5 | 2 | |a 89221420 |
| 035 | |a (DE-627)182827979X | ||
| 035 | |a (DE-599)DNB1275516017 | ||
| 035 | |a (OCoLC)1391915830 | ||
| 040 | |a DE-627 |b ger |c DE-627 |e rda | ||
| 041 | |a ger | ||
| 044 | |c XA-DE-BW | ||
| 072 | 7 | |a JKV |2 bicssc | |
| 072 | 7 | |a SOC004000 |2 bisacsh | |
| 082 | 0 | |a 364.3 |q SEPA |2 23 | |
| 082 | 0 | 4 | |a 340 |a 360 |q DE-101 |
| 100 | 1 | |a Hochstätter, Ulrica |d 1968- |e VerfasserIn |0 (DE-588)128063524X |0 (DE-627)1834111838 |4 aut | |
| 109 | |a Hochstätter, Ulrica 1968- | ||
| 245 | 1 | 4 | |a Die Fragen der Opfer im Strafprozess |b Bedürfnisse und Erwartungen im Kontext der strafverfahrensrechtlichen Bewältigung |c Ulrica Hochstätter |
| 264 | 1 | |a Wiesbaden |a [Heidelberg] |b Springer VS |c [2023] | |
| 264 | 4 | |c © 2023 | |
| 300 | |a X, 113 Seiten | ||
| 336 | |a Text |b txt |2 rdacontent | ||
| 337 | |a ohne Hilfsmittel zu benutzen |b n |2 rdamedia | ||
| 338 | |a Band |b nc |2 rdacarrier | ||
| 490 | 0 | |a BestMasters | |
| 490 | 0 | |a Research | |
| 502 | |b Masterarbeit | ||
| 583 | 1 | |a Archivierung/Langzeitarchivierung gewährleistet |f PEBW |x XA-DE-BW |2 pdager |5 DE-31 | |
| 655 | 7 | |a Hochschulschrift |0 (DE-588)4113937-9 |0 (DE-627)105825778 |0 (DE-576)209480580 |2 gnd-content | |
| 776 | 1 | |z 9783658405304 |c eBook | |
| 856 | 4 | 2 | |u http://deposit.dnb.de/cgi-bin/dokserv?id=3037f84e1b5f47ec9f58c22b33182292&prov=M&dok_var=1&dok_ext=htm |m X:MVB |q text/html |x Verlag |3 Inhaltstext |7 1 |
| 856 | 4 | 2 | |u https://swbplus.bsz-bw.de/bsz182827979Xinh.htm |m V:DE-576 |m B:DE-Frei85 |v 20230224094616 |3 Inhaltsverzeichnis |7 1 |
| 856 | 4 | 2 | |u http://www.springer.com/ |m X:MVB |x Verlag |3 Unbekannt |7 1 |
| 935 | |a mkri | ||
| 951 | |a BO | ||
| ELC | |b 1 | ||
| LOK | |0 000 xxxxxcx a22 zn 4500 | ||
| LOK | |0 001 4248332329 | ||
| LOK | |0 003 DE-627 | ||
| LOK | |0 004 182827979X | ||
| LOK | |0 005 20230210102722 | ||
| LOK | |0 008 230116||||||||||||||||ger||||||| | ||
| LOK | |0 040 |a DE-Frei85 |c DE-627 |d DE-Frei85 | ||
| LOK | |0 852 |a DE-Frei85 | ||
| LOK | |0 852 1 |m p |9 00 | ||
| LOK | |0 938 |k p | ||
| LOK | |0 939 |a 16-01-23 |b l01 | ||
| ORI | |a SA-MARC-krimdoka001.raw | ||
| PDA | |a yes | ||
